000 00902aam a2200325 i 4500
001 768714001
003 CO-MdFUSB
005 20250520153825.0
007 ta
008 250520t1998 ag |||| |||| 00| 0 spa d
020 _a950-683-011-8
040 _cCO-MdFUSB
041 0 _aspa
082 0 4 _223
_a248.4
_bC5123d
100 1 _aChaves, Silvia
_eautor
245 1 0 _aDescubre tus dones :
_bpara que la igesia crezca
_c/ Silvia Chaves , Juan Harrower
250 _aquinta edición
264 1 _bEdiciones Certeza,
_aBuenos Aires, Argentina :
_c[1998]
264 4 _c©1998
300 _a47 páginas
336 _atexto
_btxt
_2rdacontent
337 _2rdamedia
_asin mediación
_bn
338 _2rdacarrier
_avolumen
_bnc
490 _aFormación ABUA,
563 _aRústico
650 0 _aVida cristiana
_919
700 _aHarrower, Juan,
_95835
_eautor
942 _cBK
945 _aJTF-925
999 _c35758
_d35758